Words Within Words 'H' Blitz Quiz Stats

 Plays Quiz Updated Dec 1, 2018

Score 0/30 Timer 01:30
3 Plays Today
% Correct
am
93%
ill
92.6%
itch
92.6%
and
92.5%
eel
92.3%
our
92.2%
airy
91.6%
owl
91.4%
its
91.1%
ere
91%
ash
90.9%
edge
90.7%
eater
90.2%
elm
88.7%
ire
87.7%
% Correct
over
87.4%
arbor
86.5%
aunt
86.1%
airline
85.8%
one
84.4%
alter
84.2%
earth
83.8%
eaves
81.6%
otter
80.3%
exes
79.6%
arrow
78.2%
allowed
73.5%
eight
68.1%
anger
64.1%
art
62.1%

You're not logged in!

Compare scores with friends on all Sporcle quizzes.
OR
Log In

Show Comments

Extras

Top Quizzes Today


Score Distribution

Your Account Isn't Verified!

In order to create a playlist on Sporcle, you need to verify the email address you used during registration. Go to your Sporcle Settings to finish the process.

Report this User

Report this user for behavior that violates our Community Guidelines.

Details: